| 000 | 00539nam a2200217Ia 4500 | ||
|---|---|---|---|
| 003 | 0100 | ||
| 008 | 130303s9999 xx 000 0 und d | ||
| 020 | _a9780029206508 | ||
| 040 | _cARRUPELIB | ||
| 050 | _aBR173 J85M27 1985 | ||
| 100 | _aMattoon, Mary A. | ||
| 245 | _aJungian psychology in perspective | ||
| 260 | _aNew York | ||
| 260 | _bThe free press | ||
| 260 | _C1985 | ||
| 300 | _axvi | ||
| 300 | _b 334p. 24cm. | ||
| 650 | _bTongaati, South Africa | ||
| 650 | _cCommunity development-Africa South | ||
| 942 |
_2lcc _01 |
||
| 999 |
_c66639 _d66639 |
||